以神之名 . 幻.虛.真 . 上
| 資料類型: | 圖書 | 書目號: | 51738 |
Leader xxxxxxxxxx 001 __ 102497/1/01 005 __ 20171120175621.009 010 0_ |a978-986-361-114-1|b上冊 : 平裝|d新臺幣250元 042 __ |anbim 100 __ |a20171120d2015 k y0chiy50 e 101 0_ |achi 102 __ |atw 105 __ |ay z 000ay 200 1_ |a以神之名|h上|i幻.虛.真|f御我著 205 __ |a初版 210 __ |a臺北市|c高寶國際|d2015[民104] 215 0_ |a251面|d21公分 225 12 |a輕世代|vFX01004 225 12 |a御見我作品集|vFX01004 517 1_ |a幻.虛.真2|zchi 606 __ |2cst|a小說 681 __ |a857.7|b875 v.1 700 _0 |a御我|4著 801 _0 |atw|bLibDipper|c20171120|gCCR |